Scrambled “O” Words - Statistics

General Stats
  • This quiz has been taken 50 times
  • The average score is 22 of 36
Answer Stats
Hint Answer % Correct
oeonz ozone
92%
ievetjbco objective
90%
oecrh ochre
90%
oqapeu opaque
90%
deoix oxide
90%
sbseso obsess
87%
iefcof office
87%
olngbo oblong
85%
pocit optic
85%
xgyone oxygen
85%
eogibl oblige
82%
rpaeo opera
79%
iansococ occasion
72%
oooxnrmy oxymoron
72%
nitabgloio obligation
69%
toodu outdo
69%
ccopntiauo occupation
67%
errdloy orderly
67%
occeian oceanic
64%
itrcohs ostrich
62%
muiompt optimum
59%
erploav overlap
59%
sebotcfua obfuscate
56%
garinmso organism
51%
oodxnaiti oxidation
51%
ovlenbrwo overblown
49%
fetofab offbeat
41%
urecotha outreach
41%
abkureto outbreak
38%
stouougera outrageous
38%
eolsrdos odorless
31%
oworretvgh overgrowth
31%
ttscerbiso obstetrics
28%
ionestbat obstinate
28%
nfeforces offscreen
23%
tpchmiahlo ophthalmic
18%
No matching quizzes found
Score Distribution
Percent of People with Each Score
Percentile by Number Answered
Your Score History
You have not taken this quiz